000 00687nam a2200229Ia 4500
008 100315s9999 xx 000 0 und d
020 _a8122404251 
040 _cENGLISH 
082 _b7070 
_a004 
100 _a"Govindaraju, S., Chandrasekaran, M., Huq, A. Abdul "
245 _aINTRODUCTION TO COMPUTER SCIENCE
260 _aNEW DELHI 
_bWiley Eastern Limited  
_c1992 
300 _a235 
365 _eRupees 
_d
_b0.00 
366 _f
505 _gRamakant Amar Navghare 
620 _aComputer science. 
630 _aINTRODUCTION TO COMPUTER SCIENCE
650 _aComputer Basics 
730 _aINTRODUCTION TO COMPUTER SCIENCE
942 _cBOOK
999 _c481805
_d481802